000 00730cam a22002171 4500
001 rc 01002406
003 DLC
005 20260227111906.0
008 810212s1885 cauab 000 0 eng
010 _arc 01002406
035 _a(OCoLC)7121763
040 _aDLC
_cAU
_dDLC
042 _apremarc
050 0 0 _aF851
_b.H67
100 1 _aHittell, John S.
_q(John Shertzer),
_d1825-1901.
245 1 0 _aHittell's hand-book of Pacific coast travel.
_cBy John S. Hittell.
260 _aSan Francisco,
_bA. L. Bancroft & Co.,
_c1885.
300 _a263 p.
_bill., 2 fold. maps.
_c17.5 cm.
500 _aFirst published in 1882 with title: Bancroft's Pacific Coast guide book, by John S. Hittell.
651 0 _aPacific Coast
_vGuidebooks.
999 _c52302
_d52302